000 01851nam a2200493 c 4500
001 53790
003 ES-MaCES
005 20250715135917.0
007 cr |||||||||||
008 250714s2025 sp r 00| 0 spa
017 _aBI 00251-2025
_bDL
020 _a9788419751072
040 _aES-MaCES
_bspa
_cES-MaCES
245 0 0 _aEconomía y medio ambiente en España
_hRecurso electrónico
_b: análisis del flujo de materiales y capital natural
_cdir. por, Ernest Reig Martínez, Ezequiel Uriel Jiménez ; Eva Benagues Candau, José Antonio Franco Vila, Juan Carlos Robledo Domínguez
250 _a1ª ed
260 _aBilbao
_bFundación BBVA
_c2024
300 _a1 documento pdf
_c(10,6 mb)
504 _aBibliografía: p. 483-498
541 _cGratuito
650 4 _aeconomía
_926781
650 4 _amedio ambiente
_928715
650 4 _arecursos de capital
_928133
650 4 _arecursos naturales
_928718
650 4 _adesarrollo sostenible
_930785
650 4 _aevaluación del impacto ambiental
_930344
650 4 _aconsecuencias económicas
_927082
650 4 _aproductividad
_928259
650 4 _arentabilidad de la inversión
_928153
650 4 _acrecimiento económico
_927094
650 4 _asistema económico
_927123
650 4 _aEspaña
_926964
650 4 _aComunidades Autónomas
_930768
650 4 _aanálisis económico
_927070
653 1 0 _aEconomía
700 1 _aReig Martínez, Ernest
_921864
_edir.
700 1 _aUriel Jiménez, Ezequiel
_925339
_edir.
700 1 _aBenagues Candau, Eva
_941413
700 1 _aFranco Vila, José Antonio
_941414
700 1 _aRobledo Domínguez, Juan Carlos
_922179
710 2 _aFundación BBVA
_eed.
_93766
856 4 _uhttp://biblioteca.ces.es/repintra/B53790.pdf
_ytexto completo
_z[intranet]
902 _aELE PUB. ELECTRONICA
942 _2CES
_cBK
_h0.0.
999 _c53790
_d53790